000 00329nam a2200133Ia 4500
008 191201s2018 xx 000 0 und d
082 _a615.1 SIH
100 _aSIDDIQUI, Rafat
245 0 _aHospital & Clinical Pharmacy
260 _bTara Pub
_aNew Delhi
_c2018
300 _a199
650 _aClinical Pharmacy
942 _2ddc
_cBK
999 _c8265
_d8265